Personnages célèbres - Série 18 - Statistiques

Statistiques générales
  • Ce quiz a été pris 266 fois
  • Le résultat moyen est 6 sur 15
Statistiques - réponses
Par images Réponse % Correct
Julien Lepers
86%
Julien Courbet
69%
Woody Allen
67%
Pamela Anderson
66%
Victoria Abril
54%
Salvatore Adamo
51%
Richard Anconina
49%
Humphrey Bogart
31%
Anthony Quinn
28%
Richard Burton
24%
David Niven
21%
Vivien Leigh
20%
Paul Anka
14%
Natacha Amal
11%
Ben Gazzara
4%
Aucun quiz correspondant
Distribution des résultats
% des personnes avec chaque résultat
Percentile par nombre de réponses
Votre historique - résultats
Vous n’avez pas pris ce quiz